| 000 | 00339nam a22001457a 4500 | ||
|---|---|---|---|
| 020 | _qPB. | ||
| 040 | _cFIZZA ISHAQ | ||
| 082 |
_a624.152 _bARI |
||
| 100 |
_aPALMSTROM, ARILD. _986538 |
||
| 245 |
_aROCK ENGINEERING / _cARILD PALMSTROM. |
||
| 250 | _a2nd ED. | ||
| 260 |
_aLONDON : _bICE _c2015. |
||
| 300 | _a444 P. ; | ||
| 942 |
_2ddc _cBK |
||
| 999 |
_c587379 _d587379 |
||